| 000 | 00562nam a2200169Ia 4500 | ||
|---|---|---|---|
| 005 | 20250508160022.0 | ||
| 008 | 008 250505s9999 xx 000 0 eng d | ||
| 037 | _aBooks to be hide in OPAC | ||
| 040 |
_aFEDL _beng _cFEDL |
||
| 041 |
_aeng _2eng |
||
| 084 |
_a373.5456, DEL/O _qFEDL |
||
| 245 | 0 | _aProspectous of the higher secondary examination, 1947 and 1948 (Three-Year Course) of the board of higher secondary education, Delhi province | |
| 260 | _c1946 | ||
| 300 | _a87p. | ||
| 942 |
_cHB _h373.5456, DEL/O |
||
| 999 |
_c1361084 _d1361084 |
||